Fr. Conceicao Rodrigues College of Engineering

Collection of papers to be presented in the 8th AIMTDR conference (Record no. 21957)

MARC details
000 -LEADER
fixed length control field 00336nam a2200145Ia 4500
082 ## - DEWEY DECIMAL CLASSIFICATION NUMBER
Classification number 621.902
Item number IIT
100 ## - MAIN ENTRY--PERSONAL NAME
Personal name IIT/Bombay
245 ## - TITLE STATEMENT
Title Collection of papers to be presented in the 8th AIMTDR conference
260 ## - PUBLICATION, DISTRIBUTION, ETC.
Name of publisher, distributor, etc. IIT
Place of publication, distribution, etc. Bombay
Date of publication, distribution, etc. 1978
300 ## - PHYSICAL DESCRIPTION
Extent 260
490 ## - SERIES STATEMENT
Volume/sequential designation 1
546 ## - LANGUAGE NOTE
Language note ENGLISH
654 ## - SUBJECT ADDED ENTRY--FACETED TOPICAL TERMS
Focus term conference
942 ## - ADDED ENTRY ELEMENTS (KOHA)
Koha item type Reference Book
Holdings
Withdrawn status Lost status Damaged status Not for loan Collection Home library Current library Shelving location Date acquired Total Checkouts Full call number Barcode Date last seen Price effective from Koha item type
        CRC Fr. Agnel's C.Rodrigues College of Engineering Fr. Agnel's C.Rodrigues College of Engineering   17/03/2023   621.902 IIT 2102 17/03/2023 17/03/2023 Reference Book